000 00539nam a2200169 4500
999 _c4581
_d4581
008 160916b xxu||||| |||| 00| 0 eng d
022 _a2094-8042
082 _aDPer 370.105 M72 Jan-Dec 2012 V. 60-61
100 _914709
_aPasion, Juanita A.
243 _aThe modern teacher
245 _aOn being a grade one teacher/
_cJuanita A. Pasion.
260 _aPhilippines:
_bIn the Grade School, Inc.,
_c©2012.
300 _aV61 n5, pages 170;
_c28 cm.
500 _aThe Modern Teacher.
650 0 _915634
_aTeachers
942 _2ddc
_cPER